Chemical approach to contact dermatitis cause by household products. III. Analysis of dithiocarbamate-type accelerators in commercial rubber gloves and incidence of positive reactions to antioxidants in patch testing (Record no. 45876)

MARC details
000 -LEADER
fixed length control field 00503nam a2200121Ia 4500
100 ## - MAIN ENTRY--AUTHOR NAME
Personal name Masa-Aki K
245 #0 - TITLE STATEMENT
Title Chemical approach to contact dermatitis cause by household products. III. Analysis of dithiocarbamate-type accelerators in commercial rubber gloves and incidence of positive reactions to antioxidants in patch testing
260 ## - PUBLICATION, DISTRIBUTION, ETC. (IMPRINT)
Name of publisher Eisei Kagaku
Year of publication 1984
300 ## - PHYSICAL DESCRIPTION
Number of Pages 197-211
520 ## - SUMMARY, ETC.
Summary, etc TRANSLATED FROM JAPANESE BY INSDOC
942 ## - ADDED ENTRY ELEMENTS (KOHA)
Koha item type Reprints
Holdings
Withdrawn status Lost status Damaged status Not for loan Home library Current library Date acquired Serial Enumeration / chronology Koha item type
      Reprints RRII Library RRII Library 22/12/2021 Volume 30, Issue 3 Reprints